[Event "Manizales op 30th"]
[Site "Manizales"]
[Date "2025.01.11"]
[Round "6"]
[White "Garces Suaza, Carlos Daniel"]
[Black "Lopez Restrepo, Arlex"]
[Result "1-0"]
[WhiteElo "1706"]
[BlackElo "1534"]
[PlyCount "29"]
[EventDate "2025.01.08"]
[EventType "tourn"]
[EventRounds "7"]
[EventCountry "COL"]
[SourceTitle "CB03_2025"]
[SourceDate "2025.01.15"]
[SourceVersion "1"]
[SourceVersionDate "2025.01.15"]
[SourceQuality "1"]

1. e4 e6 2. d4 d5 3. Nd2 dxe4 4. Nxe4 Be7 5. Nf3 Nf6 6. Bd3 0-0 7. 0-0 Nc6 8. Re1 Nxd4 9. Bf4 Nxf3+ 10. Qxf3 Bd7 11. Nxf6+ Bxf6 12. Qxb7 Re8 13. Bxc7 Qc8 14. Qxc8 Rexc8 15. Be4 1-0

[Event "COL Intercollege op"]
[Site "Bogota"]
[Date "2024.11.21"]
[Round "2"]
[White "Garces Suaza, Carlos Daniel"]
[Black "Leon Acevedo, Juan Alejandro"]
[Result "0-1"]
[WhiteElo "1726"]
[BlackElo "1936"]
[PlyCount "98"]
[EventDate "2024.11.21"]
[EventType "swiss"]
[EventRounds "7"]
[EventCountry "COL"]
[SourceTitle "CB48_2024"]
[SourceDate "2024.11.28"]
[SourceVersion "1"]
[SourceVersionDate "2024.11.28"]
[SourceQuality "1"]

1. e4 c5 2. c3 d5 3. exd5 Qxd5 4. d4 e6 5. Nf3 Nf6 6. Bd3 cxd4 7. cxd4 Be7 8. 0-0 Nc6 9. Nc3 Qd6 10. Nb5 Qd8 11. Bf4 Nd5 12. Bg3 a6 13. Nc3 0-0 14. Qd2 b6 15. Rfe1 Nf6 16. Rad1 Nb4 17. Bb1 Bb7 18. Ne5 Rc8 19. a3 Nbd5 20. Qd3 g6 21. Ba2 b5 22. h3 Nh5 23. Ne4 Nhf6 24. Ng5 Nd7 25. Ngf3 b4 26. Nxd7 Qxd7 27. Ne5 Qa4 28. Bb3 Qa5 29. a4 Qd8 30. Kh2 Kg7 31. Qd2 h5 32. f4 h4 33. Bf2 Qd6 34. Be3 Rh8 35. Qf2 Nf6 36. d5 exd5 37. Bd4 Kg8 38. f5 g5 39. Kg1 Rh7 40. Qe3 Ne4 41. Nf3 g4 42. Be5 gxf3 43. Bxd6 f2+ 44. Qxf2 Nxf2 45. Rxe7 Nxd1 46. Rxb7 Ne3 47. Rxb4 Rg7 48. g4 hxg3 49. Bf4 Rc1+ 0-1

[Event "Medellin de La Raza U2000 op"]
[Site "Medellin"]
[Date "2023.10.15"]
[Round "7"]
[White "Giraldo, Marlon"]
[Black "Garces Suaza, Carlos Daniel"]
[Result "0-1"]
[WhiteElo "1848"]
[BlackElo "1562"]
[PlyCount "90"]
[EventDate "2023.10.12"]
[EventType "swiss"]
[EventRounds "9"]
[EventCountry "COL"]
[SourceTitle "CBM 216 Extra"]
[Source "ChessBase"]
[SourceDate "2023.11.30"]
[SourceVersion "1"]
[SourceVersionDate "2023.11.30"]
[SourceQuality "1"]

1. e4 c5 2. Nf3 d6 3. d4 cxd4 4. Nxd4 Nf6 5. Nc3 a6 6. a4 e5 7. Nb3 Be7 8. Be2 0-0 9. a5 Nc6 10. Be3 Be6 11. Bb6 Qd7 12. 0-0 Bd8 13. Qd2 Bxb6 14. axb6 Rfd8 15. Na5 Nxa5 16. Rxa5 Qc6 17. Qe3 d5 18. exd5 Nxd5 19. Nxd5 Bxd5 20. Rc5 Qe6 21. c4 Bc6 22. Rxe5 Qg6 23. Qg3 Re8 24. Rg5 Qf6 25. Bd3 Rad8 26. h4 Rd4 27. c5 Qh6 28. Rg4 Rxg4 29. Qxg4 Qd2 30. Qd4 g6 31. Qd6 Re6 32. Qd8+ Re8 33. Qd6 Re6 34. Qd4 Bb5 35. c6 Rxc6 36. Qd8+ Kg7 37. Qd4+ Rf6 38. h5 Qxd3 39. h6+ Kxh6 40. Qxf6 Qxf1+ 41. Kh2 Qc4 42. f4 Qe6 43. Qd4 Bc6 44. Qc5 Kg7 45. Kg3 Qb3+ 0-1

[Event "Rivera Hernandez Memorial-B"]
[Site "Rivera Huila"]
[Date "2023.07.22"]
[Round "5"]
[White "Matta, Paola Andrea"]
[Black "Garces Suaza, Carlos Daniel"]
[Result "1-0"]
[WhiteElo "1850"]
[BlackElo "1509"]
[PlyCount "35"]
[EventDate "2023.07.20"]
[EventType "swiss"]
[EventRounds "7"]
[EventCountry "COL"]
[SourceTitle "CBM 215 Extra"]
[Source "ChessBase"]
[SourceDate "2023.09.30"]
[SourceVersion "1"]
[SourceVersionDate "2023.09.30"]
[SourceQuality "1"]

1. c4 e6 2. Nf3 Nf6 3. d4 d5 4. g3 Bb4+ 5. Bd2 Be7 6. Bg2 0-0 7. 0-0 c6 8. c5 Nbd7 9. Bc3 Ne4 10. Qc2 Qc7 11. b4 Nxc3 12. Nxc3 e5 13. dxe5 Nxe5 14. Nd4 Re8 15. e4 Be6 16. exd5 Bxd5 17. Bxd5 cxd5 18. Nxd5 1-0

[Event "COL-ch U20"]
[Site "Cali"]
[Date "2023.06.25"]
[Round "6"]
[White "Cardona Duque, Juan Esteban"]
[Black "Garces Suaza, Carlos Daniel"]
[Result "1-0"]
[WhiteElo "1338"]
[BlackElo "1605"]
[PlyCount "97"]
[EventDate "2023.06.22"]
[EventType "swiss"]
[EventRounds "7"]
[EventCountry "COL"]
[SourceTitle "CBM 214 Extra"]
[Source "ChessBase"]
[SourceDate "2023.07.31"]
[SourceVersion "1"]
[SourceVersionDate "2023.07.31"]
[SourceQuality "1"]

1. e4 e5 2. Nf3 Nc6 3. Bb5 a6 4. Bxc6 dxc6 5. 0-0 Bd6 6. d4 exd4 7. Qxd4 f6 8. b3 c5 9. Qc3 Be6 10. Bb2 Qe7 11. Rd1 0-0-0 12. Nbd2 Nh6 13. e5 fxe5 14. Nxe5 Nf5 15. Nec4 Nd4 16. Re1 Qf6 17. Ne4 Qf7 18. Ncxd6+ cxd6 19. Nxd6+ Rxd6 20. Qxc5+ Qc7 21. Bxd4 Qxc5 22. Bxc5 Rc6 23. h3 g5 24. f3 h5 25. Bd4 Rg8 26. c3 g4 27. hxg4 hxg4 28. f4 b5 29. Re5 Kd7 30. Rae1 Re8 31. Kf2 Bf7 32. Rxe8 Bxe8 33. Kg3 Re6 34. Rxe6 Kxe6 35. Kxg4 Bg6 36. Kg5 Be4 37. g4 Bb1 38. a3 Ba2 39. b4 Kf7 40. f5 Ke7 41. Kg6 Kf8 42. f6 Kg8 43. g5 Kf8 44. Kf5 Kf7 45. g6+ Kg8 46. f7+ Bxf7 47. gxf7+ Kxf7 48. Ke5 Ke7 49. Kd5 1-0

[Event "COL-ch U20"]
[Site "Cali"]
[Date "2023.06.24"]
[Round "4"]
[White "Rodriguez Valencia, Sebastian"]
[Black "Garces Suaza, Carlos Daniel"]
[Result "1-0"]
[WhiteElo "1785"]
[BlackElo "1605"]
[PlyCount "73"]
[EventDate "2023.06.22"]
[EventType "swiss"]
[EventRounds "7"]
[EventCountry "COL"]
[SourceTitle "CBM 214 Extra"]
[Source "ChessBase"]
[SourceDate "2023.07.31"]
[SourceVersion "1"]
[SourceVersionDate "2023.07.31"]
[SourceQuality "1"]

1. c4 e6 2. g3 Nf6 3. Bg2 d5 4. Nf3 Be7 5. 0-0 0-0 6. Qc2 c6 7. b3 Nbd7 8. Bb2 b6 9. d3 Bb7 10. e4 dxe4 11. dxe4 Qc7 12. e5 Ne8 13. Nbd2 c5 14. Rfe1 g6 15. Rad1 Ng7 16. Nf1 Nf5 17. h3 Rad8 18. N1h2 Nb8 19. Ng4 Kg7 20. Qc1 h5 21. Nf6 Nc6 22. Nd5 exd5 23. cxd5 Kh7 24. dxc6 Bxc6 25. g4 hxg4 26. hxg4 Nh4 27. Nxh4 Bxh4 28. Qf4 Bxg2 29. Kxg2 Qb7+ 30. Kg1 Qe7 31. Rxd8 Rxd8 32. Bc1 Rd4 33. Re4 Rxe4 34. Qxe4 Bg5 35. Qh1+ Kg8 36. f4 Qd7 37. fxg5 1-0